| 000 | 01166cab a2200205 4500 | ||
|---|---|---|---|
| 001 | ##L133311 | ||
| 008 | 060502n2006 000 0 eng u | ||
| 035 | _a(Sirsi) u133311 | ||
| 041 | 0 | _aeng | |
| 100 | 1 | _aNeale,Jon | |
| 245 | 0 | 0 | _aDevelopments get caught in a contraflow |
| 260 | _c2006 | ||
| 490 | 0 |
_aEstates Gazette _v(0616) 22 April 2006, 60-63(4) |
|
| 520 | _aExamines the increasing trend where the Highways Agency fearing heavy traffic increases generated by large development schemes is imposing Article 14 orders which effectively block development. This is what is happening at the Eastern Quarry development in Ebbsfleet, part of the Thames Gateway regeneration. Outlines the Highways Agency's powers under the Town and Country Planning Act 1995 Art 14. Looks at how developers and the Highways Agency might co-operate and work together to unblock development hold-ups which are costly both financially and in time wasted. | ||
| 590 | _aIKA090506 | ||
| 650 | 2 | 4 | _aTOWN AND COUNTRY PLANNING ACT 1995 ART 14 |
| 650 | 2 | 4 | _aARTICLE 14 ORDERS |
| 690 | _aENVIRONMENTAL AND LAND CONSULTANCY-PLANNING AND DEVELOPMENT-DEVELOPMENT CONTROL | ||
| 942 | _n0 | ||
| 999 |
_c76924 _d76924 |
||